Normal view
MARC view
Entry Personal Name
001 - CONTROL NUMBER
- control field: 43240
003 - CONTROL NUMBER IDENTIFIER
- control field: MaObMVR
005 - DATE AND TIME OF LATEST TRANSACTION
- control field: 20241107133459.0
008 - FIXED-LENGTH DATA ELEMENTS
- fixed length control field: 241107|| aca||aabn | a|a d
040 ## - CATALOGING SOURCE
- Original cataloging agency: MaObMVR
- Transcribing agency: MaObMVR
100 ## - HEADING--PERSONAL NAME
- Personal name: Jacob, Mira,
- Dates associated with a name: 1973-
- Form subdivision: Comic books, strips, etc
670 ## - SOURCE DATA FOUND
- Source citation: Work cat.: (MaObMVR)128968: Jacob, Mira, 1973- 43239, Good talk :, 2020.
